000 00461nmm a2200169Ia 4500
008 251105s9999||||xx |||||||||||||||||und||
020 _a9788484280668
041 _aspa
100 _aMena, Miguel
245 0 _aCambio de marcha
264 _a[Madrid, España] :
_bAlba Editorial,
_c2013
300 _a125 páginas
490 _aAlba Joven
650 _aTeen & Young Adult Fiction
856 _uhttps://public.digitaliapublishing.com/a/33279
942 _cCF
999 _c86406
_d86406